Statistics for Guess the Object #2

Click here to take the quiz!

General Stats

  • This quiz has been taken 28 times
  • The average score is 8 of 9

Answer Stats

Answer% Correct
DVD
100%
Spiderman
100%
Bald Eagle
92%
Statue of Liberty
88%
Fire
84%
Honeybee
84%
Space Shuttle
76%
Battleship
72%
Saxophone
72%

Score Distribution

Percentile by Number Answered

Percent of People with Each Score

Your Score History

You have not taken this quiz